000 00531nam a2200157 4500
001 138996
003 ES-MaACL
005 20230906195701.0
007 t|
008 070214m19151917sp r ||||1| spa d
100 1 _aSaracibar, S. Julio.
_9103745
245 1 0 _aCámaras oficiales de la propiedad urbana
_b: legislación, congresos de la propiedad, organización de la propiedad, notas finales /
_cS. Julio Saracibar.
260 _aMadrid :
_bRicardo Rojas,
_c1915-17.
300 _a2 v. ;
_c24 cm.
852 _aES-MaACL
_jF-966-67
999 _c138996
_d138996